000 00461nam a2200169Ia 4500
999 _c32646
_d32646
003 OSt
005 20200918111645.0
008 190216s9999||||xx |||||||||||||| ||und||
040 _coclc
082 _a535
_bMID/T
100 _aMiddleton, L R
_94734
245 0 _aA Text Book Of Light /
_cL R Middleton
260 _bG Bell&Sons Ltd,
_aLondon:
_c1958.
300 _a288p
650 _aPhysics
942 _cBK
_2ddc
_h535
_iMID/T
_k535
_mMID/T